| 000 | 00489nam a2200193 a 4500 | ||
|---|---|---|---|
| 001 | 1762942914041 | ||
| 003 | YourLibrary | ||
| 005 | 20251112155323.0 | ||
| 008 | 251112s2007##################000#0#eng## | ||
| 020 | _a9781400082148 | ||
| 082 | 0 | 4 |
_a615.2723 _bHAG |
| 100 | 1 |
_aHager, Thomas, _eauthor. |
|
| 245 | 1 | 0 | _aThe Demon Under the Microscope : |
| 260 |
_bCrown, _c2007. |
||
| 300 | _a354 pages | ||
| 650 | 0 | _aScience. | |
| 942 | _cENGLISH | ||
| 040 |
_aYourLibrary _beng _cYourLibrary |
||
| 999 |
_c597286 _d597286 |
||